[Event "GER-ch U25"]
[Site "Willingen"]
[Date "2005.05.15"]
[Round "3"]
[White "Kuehnel, Christian"]
[Black "Jaehn, Michael"]
[Result "1-0"]
[WhiteElo "2150"]
[BlackElo "1977"]
[PlyCount "59"]
[EventDate "2005.05.14"]
[EventType "swiss"]
[EventRounds "9"]
[EventCountry "GER"]
[SourceTitle "CBM 106 Extra"]
[Source "ChessBase"]
[SourceDate "2005.07.01"]
[SourceVersion "1"]
[SourceVersionDate "2005.07.01"]
[SourceQuality "1"]

1. c4 c5 2. Nc3 Nf6 3. g3 e6 4. e4 d6 5. Bg2 Be7 6. d3 0-0 7. Nge2 Nbd7 8. a3 a6 9. Rb1 Rb8 10. b4 b6 11. b5 a5 12. f4 Bb7 13. 0-0 Qc7 14. h3 Rfe8 15. g4 Nf8 16. Qe1 Kh8 17. g5 Ng8 18. Qg3 f6 19. h4 Nd7 20. Bd2 e5 21. f5 Qd8 22. Kf2 Rf8 23. Bf3 Qe8 24. Rh1 Ba8 25. Rbg1 Bb7 26. Nd1 g6 27. Ne3 gxf5 28. Nxf5 Qf7 29. Bg4 Rbd8 30. Qf3 1-0